000
00316nam a22001337a 4500
008
170206b xxu||||| |||| 00| 0 eng d
020
_a
9780534163266
041
_a
eng
080
_2
4ED
_a
61
100
_a
3
101
_a
SHM
245
_a
INTERVENTION AND REFLECTION MEDICAL ETHICS
_c
RONALD MUNSON
942
_2
udc
_c
BK
999
_c
4771
_d
4771